Mỹ thuật thời Lý

Uloženo v:
Podrobná bibliografie
Hlavní autor: Nguyễn Đức Nùng
Médium: Kniha
Jazyk:Undetermined
Vydáno: Hà Nội Văn hóa 1973
Témata:
Tagy: Přidat tag
Žádné tagy, Buďte první, kdo otaguje tento záznam!
Thư viện lưu trữ: Trung tâm Học liệu Trường Đại học Cần Thơ
LEADER 00469nam a2200169Ia 4500
001 CTU_9476
008 210402s9999 xx 000 0 und d
082 |a 709.597 
082 |b N513 
100 |a Nguyễn Đức Nùng 
245 0 |a Mỹ thuật thời Lý 
245 0 |c Nguyễn Đức Nùng 
260 |a Hà Nội 
260 |b Văn hóa 
260 |c 1973 
650 |a art, vietnamese 
980 |a Trung tâm Học liệu Trường Đại học Cần Thơ